000 01885nam0a2200433 4500
001 RU\NLR\BIBL_A\022606919
005 20260420052419.0
010 _a978-5-4484-5449-3
_9600
021 _aRU
_bКН-П-25-038183
_9КН-П-25-3736
035 _a(NLR Aleph) 022606919
090 _a13682503
_c13682503
100 _a20250822d2025 u y0rusy50 ca
101 0 _arus
102 _aRU
105 _aac z 000yy
181 0 _ai3
_baxxe
182 0 _an
200 1 _aЭвакуация, 1941-1942 гг.
_fВалентин Лукьянин
203 _aТекст
_bвизуальный
_cнепосредственный
210 _aМосква
_cВече
_d2025
215 _a493, [17] с.
_cил., портр.
_d21
225 1 _aПравда войны
313 _aПредыд. изд. 2023
320 _aБиблиогр. в подстроч. примеч.
333 _a12+
606 1 _aВеликая Отечественная война
_xЭвакуация промышленных предприятий
_z1941 - 1945
_92100261
_3RU\NLR\AUTH\661573891
606 1 _aПромышленность
_xИстория
_yСССР
_z1941 - 1945
_92202368
_3RU\NLR\AUTH\661323374
686 1 _aТ3(2)722.9-2
686 1 _aЦ35(2)722-69-524
686 1 _aУ30(2)-03
700 1 _aЛукьянин
_bВ. П.
_f1937 -
_gВалентин Петрович
856 4 _lVNP_ZSOCEC
_tVIEW
_uhttps://webservices.nlr.ru/viewer/file?name=a022606919_002.txt
_yАннотация
856 4 _lVNP_ZSOCEC
_tVIEW
_uhttps://webservices.nlr.ru/viewer/file?name=p022606919_003.jpg
_x001
_yСтраница
856 4 1 _lVNP_ZSOCEC
_tVIEW
_uhttps://webservices.nlr.ru/viewer/file?name=t022606919_001.jpg
_yОбложка
942 _cBOOK
980 4 _aVNP_ZSOCEC
980 _aNB